The official MBA handbook or How to succeed in business without a Harvard MBA

Gespeichert in:
Bibliographische Detailangaben
1. Verfasser: Fisk, Jim
Format: Buch
Sprache:Undetermined
Veröffentlicht: New York Simon & Schuster 1982
Schlagworte:
Tags: Tag hinzufügen
Keine Tags, Fügen Sie den ersten Tag hinzu!
Thư viện lưu trữ: Trung tâm Học liệu Trường Đại học Cần Thơ
LEADER 00532nam a2200181Ia 4500
001 CTU_43139
008 210402s9999 xx 000 0 und d
082 |a 658.007 
082 |b F539 
100 |a Fisk, Jim 
245 4 |a The official MBA handbook or How to succeed in business without a Harvard MBA 
245 0 |c Jim Fisk, Robert Barron 
260 |a New York 
260 |b Simon & Schuster 
260 |c 1982 
650 |a Business education 
904 |i Minh, 010829 
980 |a Trung tâm Học liệu Trường Đại học Cần Thơ